Lead poisoning in waterfowl.

Bibliographic Details
Corporate Author: U.S. Fish and Wildlife Service
Format: Government Document Book
Language:English
Published: [Washington, D.C.?] : U.S. Dept. of the Interior, Fish and Wildlife Service, [1986?]
Subjects:

MARC

Tag First Indicator Second Indicator Subfields
LEADER 00000cam a2200000 a 4500
001 in00000864921
005 20151019084011.0
008 870120s1986 dcua f00000 eng d
010 |a gp 87006371  
035 |a (OCoLC)15105999 
035 |9 AEF5581AM 
040 |a GPO  |c GPO  |d UtOrBLW 
074 |a 612 
086 0 |a I 49.2:L 46/2 
245 0 0 |a Lead poisoning in waterfowl. 
264 1 |a [Washington, D.C.?] :  |b U.S. Dept. of the Interior, Fish and Wildlife Service,  |c [1986?] 
300 |a 15 pages :  |b illustrations (some color) ;  |c 23 x 11 cm. 
336 |a text  |b txt  |2 rdacontent 
337 |a unmediated  |b n  |2 rdamedia 
338 |a volume  |b nc  |2 rdacarrier 
500 |a Cover title. 
500 |a Shipping list number: 86-954-P. 
650 0 |a Waterfowl. 
650 0 |a Birds  |x Conservation. 
650 0 |a Lead  |x Toxicology. 
710 2 |a U.S. Fish and Wildlife Service. 
999 |a MARS 
999 f f |s 8089c1b3-61e7-3c70-8c9d-9361f3de49eb  |i 738bfd4f-849c-324d-8685-051de81d2997  |t 0 
952 f f |p normal  |a Texas A&M University  |b College Station  |c Sterling C. Evans Library  |d Evans: US Documents (Annex 5th floor)  |t 0  |e I 49.2:L 46/2  |h Superintendent of Documents classification  |i unmediated -- volume  |m A14812527439 
998 f f |a I 49.2:L 46/2  |t 0  |l Evans: US Documents (Annex 5th floor)